000 00787nam a2200229Ia 4500
001 4199
003 GE_BSU
008 181216s||||||||xx |||||||||||||| ||und||
040 _cGE_BSU
080 _a621.3(075.32)
100 _aПоляков,Г.Е. Коварский,А.И.
245 _aМонтаж и эксплуатация промышленного электрооборудования.
245 _bУчебник.
245 _cРед. Е.М. Шумилова.
250 _aИзд. 4-е, испр и доп.
260 _aМ.
260 _bВысш. школа.
260 _c1968.
300 _a296 стр. 22 см. с илл.
653 _aМонтаж и эксплуатация промышленного электрооборудования.
942 _cBK
999 _c38209
_d38209